[Event "Gibraltar Amateurs op-A"]
[Site "Caleta"]
[Date "2020.01.24"]
[Round "5"]
[White "Poggio, Freddie"]
[Black "Jimenez Urquijo, Juan Manuel"]
[Result "0-1"]
[WhiteElo "1680"]
[BlackElo "1567"]
[PlyCount "107"]
[EventDate "2020.01.20"]
[EventType "swiss"]
[EventRounds "5"]
[EventCountry "GGB"]
[SourceTitle "CBM 194 Extra"]
[Source "ChessBase"]
[SourceDate "2020.03.31"]
[SourceVersion "1"]
[SourceVersionDate "2020.03.31"]
[SourceQuality "1"]

1. d4 d5 2. Nf3 Nf6 3. Nbd2 e6 4. e3 c5 5. c3 b6 6. Bd3 Bb7 7. 0-0 Nbd7 8. Qe2 Be7 9. Re1 cxd4 10. exd4 0-0 11. Ng5 g6 12. Nf1 Ne4 13. Nxe4 dxe4 14. Bxe4 Bxe4 15. Qxe4 Bf6 16. Bh6 Re8 17. Rad1 Bh8 18. Nd2 Nf6 19. Qf3 Rc8 20. Bg5 Qd5 21. Bxf6 Qxf3 22. Nxf3 Bxf6 23. Ne5 Red8 24. f4 h5 25. g4 hxg4 26. Nxg4 Bh4 27. Re3 Kg7 28. Kg2 b5 29. Rh3 Be7 30. b4 Rd6 31. Rhd3 Ra6 32. R1d2 Ra3 33. d5 exd5 34. Rxd5 Raxc3 35. Rxb5 Rc2 36. Rxc2 Rxc2+ 37. Kg3 Rxa2 38. Rb7 Bf6 39. b5 Bd4 40. Rd7 Ra3+ 41. Kg2 Ra4 42. h4 Bb6 43. Kf3 Rd4 44. Rb7 Rc4 45. Rxf7+ Kxf7 46. Ne5+ Ke6 47. Nxc4 Bd8 48. Kg4 Kf6 49. Nd6 Ke6 50. Nc8 Bb6 51. Nxb6 axb6 52. Kg5 Kf7 53. f5 gxf5 54. Kxf5 0-1

[Event "Andalucia-chB"]
[Site "Algeciras"]
[Date "2018.05.19"]
[Round "2"]
[White "Gomez Salva, Roberto"]
[Black "Jimenez Urquijo, Juan Manuel"]
[Result "0-1"]
[WhiteElo "1218"]
[BlackElo "1542"]
[PlyCount "72"]
[EventDate "2018.05.18"]
[EventType "swiss"]
[EventRounds "6"]
[EventCountry "ESP"]
[SourceTitle "EXT 2020"]
[Source "ChessBase"]
[SourceDate "2019.10.17"]
[SourceVersion "1"]
[SourceVersionDate "2019.10.17"]
[SourceQuality "1"]

1. e4 c5 2. d4 cxd4 3. Nf3 g6 4. Nxd4 Bg7 5. Be3 a6 6. Nc3 Nf6 7. f3 Nc6 8. Qd2 d6 9. 0-0-0 Ne5 10. Bh6 Kf8 11. g4 b5 12. g5 Nh5 13. Bxg7+ Kxg7 14. f4 Nc4 15. Bxc4 bxc4 16. e5 dxe5 17. fxe5 Bb7 18. Rhf1 Qc7 19. Qf2 Rhf8 20. e6 f6 21. gxf6+ Rxf6 22. Qe2 Nf4 23. Qd2 Rd8 24. Nf5+ Rxf5 25. Qxd8 Nd3+ 26. Rxd3 Rxf1+ 27. Kd2 Qxh2+ 28. Ne2 cxd3 29. Qxe7+ Kh6 30. cxd3 Rf2 31. Kc3 Rxe2 32. Qxb7 Qe5+ 33. Kc4 Rc2+ 34. Kb4 Rxb2+ 35. Ka4 Rxb7 36. a3 Qb5# 0-1

[Event "Andalucia-chB"]
[Site "Algeciras"]
[Date "2018.05.19"]
[Round "3"]
[White "Jimenez Urquijo, Juan Manuel"]
[Black "Morales Cano, Carlos"]
[Result "1/2-1/2"]
[WhiteElo "1542"]
[BlackElo "1756"]
[PlyCount "46"]
[EventDate "2018.05.18"]
[EventType "swiss"]
[EventRounds "6"]
[EventCountry "ESP"]
[SourceTitle "EXT 2020"]
[Source "ChessBase"]
[SourceDate "2019.10.17"]
[SourceVersion "1"]
[SourceVersionDate "2019.10.17"]
[SourceQuality "1"]

1. d4 e6 2. Bf4 d5 3. e3 c5 4. c3 Nc6 5. Bb5 Qb6 6. Qb3 c4 7. Bxc6+ Qxc6 8. Qc2 Bd6 9. Bg3 Ne7 10. Nf3 Qc7 11. Ne5 0-0 12. f4 f6 13. Nf3 Nc6 14. 0-0 Bd7 15. Nbd2 Rae8 16. Rae1 Qb8 17. e4 Qc8 18. e5 Be7 19. exf6 Bxf6 20. Ne5 Ne7 21. Nxd7 Qxd7 22. Nf3 Nf5 23. Qf2 Nd6 1/2-1/2

[Event "Gibraltar Amateur op-B"]
[Site "Caleta"]
[Date "2018.01.29"]
[Round "3"]
[White "Jimenez Urquijo, Juan Manuel"]
[Black "Flynn, David"]
[Result "1/2-1/2"]
[WhiteElo "1496"]
[BlackElo "1876"]
[PlyCount "69"]
[EventDate "2018.01.27"]
[EventType "swiss"]
[EventRounds "5"]
[EventCountry "GGB"]
[SourceTitle "EXT 2019"]
[Source "ChessBase"]
[SourceDate "2018.10.10"]
[SourceVersion "1"]
[SourceVersionDate "2018.10.10"]
[SourceQuality "1"]

1. Nf3 Nf6 2. g3 g6 3. Bg2 Bg7 4. d3 d5 5. 0-0 0-0 6. Nbd2 c5 7. Re1 Nc6 8. c3 h6 9. e4 Be6 10. e5 Nd7 11. d4 c4 12. Nf1 b5 13. Ne3 Nb6 14. h4 Qd7 15. Nh2 f5 16. exf6 exf6 17. b3 Rfd8 18. Qc2 Qf7 19. g4 Rac8 20. Bh3 b4 21. bxc4 Nxc4 22. Nf3 bxc3 23. Qxc3 Nd6 24. Bb2 Ne4 25. Qd3 Bf8 26. a3 Rb8 27. Reb1 Rdc8 28. Nd2 Nxd2 29. Qxd2 Bd6 30. Bc1 Bf4 31. Qd1 g5 32. Rxb8 Rxb8 33. Nf5 Bxf5 34. Bxf4 gxf4 35. gxf5 1/2-1/2

[Event "Gibraltar Amateur op-B"]
[Site "Caleta"]
[Date "2018.01.28"]
[Round "2"]
[White "Johansson, Daniel3333"]
[Black "Jimenez Urquijo, Juan Manuel"]
[Result "1/2-1/2"]
[WhiteElo "1832"]
[BlackElo "1496"]
[PlyCount "67"]
[EventDate "2018.01.27"]
[EventType "swiss"]
[EventRounds "5"]
[EventCountry "GGB"]
[SourceTitle "EXT 2019"]
[Source "ChessBase"]
[SourceDate "2018.10.10"]
[SourceVersion "1"]
[SourceVersionDate "2018.10.10"]
[SourceQuality "1"]

1. e4 d6 2. d4 Nf6 3. Nc3 g6 4. Be3 Bg7 5. Qd2 Ng4 6. Bg5 h6 7. Bh4 Nf6 8. f4 e5 9. dxe5 Nxe4 10. Bxd8 Nxd2 11. Bxc7 Nxf1 12. Kxf1 dxe5 13. fxe5 0-0 14. Nf3 Nc6 15. Kf2 Bf5 16. Rac1 f6 17. Rhe1 fxe5 18. Bxe5 Nxe5 19. Nxe5 Rae8 20. Nf3 Rxe1 21. Kxe1 Bxc3+ 22. bxc3 Bg4 23. Ke2 Bxf3+ 24. gxf3 Rc8 25. Kd3 Kf7 26. c4 b6 27. Rb1 Kf6 28. Rb5 Rc6 29. Rd5 Ke6 30. h4 Rc7 31. Kc3 Rf7 32. Rd3 Rf5 33. Kb4 Rf4 34. Re3+ 1/2-1/2

[Event "Gibraltar Amateur op-B"]
[Site "Caleta"]
[Date "2018.01.27"]
[Round "1"]
[White "Jimenez Urquijo, Juan Manuel"]
[Black "Anjali, R Sagar"]
[Result "1-0"]
[WhiteElo "1496"]
[BlackElo "1792"]
[PlyCount "103"]
[EventDate "2018.01.27"]
[EventType "swiss"]
[EventRounds "5"]
[EventCountry "GGB"]
[SourceTitle "EXT 2019"]
[Source "ChessBase"]
[SourceDate "2018.10.10"]
[SourceVersion "1"]
[SourceVersionDate "2018.10.10"]
[SourceQuality "1"]

1. d4 Nf6 2. c4 g6 3. Nc3 Bg7 4. e4 d6 5. Nf3 0-0 6. Be2 e5 7. dxe5 dxe5 8. Qxd8 Rxd8 9. Nd5 Nxd5 10. cxd5 c6 11. Bc4 cxd5 12. Bxd5 h6 13. Bd2 Nc6 14. Bxc6 bxc6 15. Bc3 Ba6 16. Nd2 Bd3 17. f3 f6 18. Rc1 Rab8 19. Nb3 Bf8 20. Kf2 c5 21. Na5 Rdc8 22. b3 c4 23. Nxc4 Bxc4 24. bxc4 Rxc4 25. Ba1 Rbc8 26. Rxc4 Rxc4 27. Re1 Bc5+ 28. Kf1 Kf7 29. Bb2 Ke6 30. Rc1 Rxc1+ 31. Bxc1 h5 32. Ke2 f5 33. Be3 Kd6 34. a3 f4 35. Bxc5+ Kxc5 36. Kd3 g5 37. h3 h4 38. Kc3 Kb5 39. Kb3 a6 40. Kc3 a5 41. Kb3 Kc5 42. Kc3 Kd6 43. Kd2 Ke6 44. Kc3 Kd6 45. Kc4 Kc6 46. a4 Kd6 47. Kb5 Kc7 48. Kc5 Kb7 49. Kb5 Kc7 50. Kxa5 Kc6 51. Kb4 Kb6 52. a5+ 1-0

[Event "Gibraltar Amateur op-B"]
[Site "Caleta"]
[Date "2017.01.30"]
[Round "3"]
[White "Jimenez Urquijo, Juan Manuel"]
[Black "Kearsley, Raymond J"]
[Result "0-1"]
[WhiteElo "1541"]
[BlackElo "1687"]
[PlyCount "68"]
[EventDate "2017.01.28"]
[EventType "swiss"]
[EventRounds "5"]
[EventCountry "GGB"]
[SourceTitle "EXT 2018"]
[Source "ChessBase"]
[SourceDate "2017.10.13"]
[SourceVersion "1"]
[SourceVersionDate "2017.10.13"]
[SourceQuality "1"]

1. e4 c5 2. f4 e6 3. Nf3 a6 4. Nc3 Nc6 5. d3 d5 6. d4 dxe4 7. Nxe4 cxd4 8. Nxd4 Qxd4 9. Qxd4 Nxd4 10. Bd3 Nf6 11. Nxf6+ gxf6 12. Be3 Nc6 13. Bb6 Bd7 14. 0-0-0 Nb4 15. Be4 Bc6 16. Rhe1 Bxe4 17. Rxe4 Be7 18. f5 e5 19. c3 Nc6 20. Re3 Rc8 21. Red3 Rg8 22. Rh3 Rg7 23. Be3 Rd8 24. Rd2 Rxd2 25. Bxd2 Bc5 26. Rh6 Ke7 27. b4 Bd6 28. g3 Kd7 29. a3 Ne7 30. g4 Rxg4 31. Rxh7 Ke8 32. Bh6 Nxf5 33. Rh8+ Kd7 34. Bd2 e4 0-1